000 00642nam a2200241Ia 4500
003 OSt
005 20221005121549.0
006 a|||||r|||| 00| 0
007 ta
008 221004b |||||||| |||| 00| 0 eng d
024 _a33199
037 _cTextual
040 _aCRL
_cCRL
_beng
041 _2eng
_aeng
082 _aMY2141v, H9 close sec
100 _aAltham H. S.
_9630786
245 0 _aHistory of cricket
260 _c1949
650 _aINDUSTRIAL ARTS
700 _a Swanton E. W.
_9630787
942 _hMY2141v, H9 close sec
_cTEXL
_2cc
999 _c1041558
_d1041558